000
00294nam a22001217a 4500
008
171220b xxu||||| |||| 00| 0 eng d
041
_a
eng
080
_2
4TH
_a
615
100
_a
5
101
_a
FAR
245
_a
PHARMACOTHERAPY SELF-ASSESSMENT PROGRAM
_c
MUELLER,B.A
942
_2
udc
_c
BK
999
_c
39208
_d
39208